000
00291nam a22001217a 4500
041
_a
ENG
100
_a
Nair K
245
_a
Teaching Your Tongue & Speech Rhythm
260
_a
Delhi
_b
Adilt Faculries
_c
2001
300
_a
48
650
_a
Competitive Exam
856
_u
Competitive Exam ( 36 )
999
_c
944
_d
944